01573nam0a22002533i 4500001002000000003000900020005001700029008004100046020002900087040002800116041001300144082003900157100003600196240003100232245008400263260007600347300002000423504005000443520066500493546004701158600003001205655003801235700004601273IT\ICCU\CAG\0658749IT-MiSPE20220915142025.0220915b ||||| |||| 00| 0 eng d a9783423343947c15.00 EUR aIT-MiSPEbitacIT-MiSPE agerheng a193 B-KAN im* KÜH ma (axa 23319) aKühn, Manfred.d1947-eautore aKant. Eine Biographielger aKant. Eine BiographiecManfred Kühn ; aus dem Englischen von Martin Pfeiffer. aMünchen :bDeutscher Taschenbuch Verlag,c2007 (Ungekürzte Ausgabe) a639 P. ;c21 cm aBibliografia (pp. 595-616) e indici (618-639) aAus dem Englischen von Martin Pfeiffer. Zum 200. Todestag Immanuel Kants (1724-1804) erzählt Manfred Kühn in der ersten umfassenden Biografie des großen Denkers seit über zwei Jahrzehnten Kants Leben und stellt sein philosophisches Werk vor. Heinrich Heine hat gespottet, von Immanuel Kant könne niemand eine Lebensgeschichte schreiben, denn Kant habe weder ein Leben noch eine Geschichte gehabt. Manfred Kühn räumt mit der Legende von Kants ereignislosem Professorenleben gründlich auf und zeichnet das Bild eines eleganten und geistreichen Gentleman, der eine wichtige Rolle im gesellschaftlichen Leben seiner Heimatstadt Königsberg spielte. aTraduzione dall'inglese di Martin Pfeiffer aImmanuel Kant,d1724-1804 aFilosofia. BiografiaxIlluminismo 1aPfeiffer, Martin,eProf. Dr. ; traduttore